000 00269nam a22001217a 4500
008 180807b xxu||||| |||| 00| 0 eng d
082 _a813.52
245 _aOrganic Chemistry
_cHill,M.G
260 _c2006
300 _a1
_fCD
440 _x0073192813
942 _2ddc
_cMX
999 _c46898
_d46898